[Event "HUN-chT2 Toth 1617"]
[Site "Hungary"]
[Date "2016.11.13"]
[Round "4.12"]
[White "Palinkas, Botond Gergely"]
[Black "Barczi, Roland"]
[Result "1/2-1/2"]
[WhiteElo "1381"]
[BlackElo "1360"]
[PlyCount "76"]
[EventDate "2016.09.25"]
[EventType "team-tourn"]
[EventRounds "11"]
[EventCountry "HUN"]
[SourceTitle "EXT 2021"]
[Source "ChessBase"]
[SourceDate "2020.10.23"]
[SourceVersion "1"]
[SourceVersionDate "2020.10.23"]
[SourceQuality "1"]
[WhiteTeam "Szentes Integral"]
[BlackTeam "Nadudvar"]
[WhiteTeamCountry "HUN"]
[BlackTeamCountry "HUN"]

1. e4 e5 2. Nf3 Nc6 3. d4 exd4 4. Bc4 Bc5 5. c3 Nge7 6. cxd4 Bb4+ 7. Bd2 Bxd2+ 8. Nbxd2 d5 9. exd5 Nxd5 10. 0-0 0-0 11. Qb3 Nce7 12. Rfe1 c6 13. Ne4 b5 14. Bd3 Bf5 15. Neg5 Bxd3 16. Qxd3 Nf6 17. Ne5 Qd5 18. h4 Ng6 19. Nxg6 fxg6 20. Re7 Ng4 21. f3 Nh6 22. Ne6 Qd6 23. Rxg7+ Kh8 24. Re1 Rae8 25. Qe4 Rxe6 26. Rxh7+ Kxh7 27. Qxe6 Qxe6 28. Rxe6 Nf5 29. Rxc6 Nxd4 30. Rc7+ Kh6 31. Kf2 Re8 32. Rxa7 Re2+ 33. Kg3 Rxb2 34. a4 Nf5+ 35. Kh3 Rb4 36. g4 Ng7 37. axb5 Rxb5 38. g5+ Kh7 1/2-1/2

[Event "HUN-chT2 Barcza 1516"]
[Site "Hungary"]
[Date "2016.02.14"]
[Round "7.12"]
[White "Barczi, Roland"]
[Black "Bako, Martin"]
[Result "1/2-1/2"]
[WhiteElo "1321"]
[BlackElo "1514"]
[PlyCount "130"]
[EventDate "2015.09.13"]
[EventType "team-tourn"]
[EventRounds "11"]
[EventCountry "HUN"]
[SourceTitle "EXT 2017"]
[Source "ChessBase"]
[SourceDate "2016.10.25"]
[SourceVersion "1"]
[SourceVersionDate "2016.10.25"]
[SourceQuality "1"]
[WhiteTeam "Nadudvar"]
[BlackTeam "Edeleny"]
[WhiteTeamCountry "HUN"]
[BlackTeamCountry "HUN"]

1. e4 d6 2. d4 Nf6 3. Nc3 g6 4. Bg5 Bg7 5. Be2 0-0 6. Qc1 Nc6 7. Nf3 Bg4 8. Be3 e5 9. d5 Ne7 10. Bh6 c6 11. dxc6 Nxc6 12. Bxg7 Kxg7 13. Qe3 Qc7 14. 0-0-0 a6 15. h3 Be6 16. Ng5 b5 17. Nxe6+ fxe6 18. a3 Nd4 19. Bd3 Rfc8 20. Rd2 Rab8 21. Kb1 a5 22. Ne2 Nxe2 23. Qxe2 b4 24. a4 Qc6 25. b3 Qc7 26. f3 d5 27. Ba6 Rd8 28. Rhd1 Rb6 29. Bb5 Rbd6 30. exd5 Rxd5 31. Bc4 Rxd2 32. Rxd2 Rxd2 33. Qxd2 Kf7 34. Qd3 Qd7 35. Qxd7+ Nxd7 36. Kc1 Kf6 37. Kd2 Nc5 38. Ke3 Kg5 39. g3 h5 40. h4+ Kf5 41. Bd3+ Kf6 42. Bc4 Kf5 43. Be2 Kf6 44. g4 hxg4 45. fxg4 Kg7 46. g5 Kf7 47. Bf3 Kg7 48. h5 gxh5 49. Bxh5 Kh7 50. Kf3 Kg7 51. Kg4 Ne4 52. Be8 Kf8 53. Bc6 Nd6 54. g6 Kg7 55. Bd7 Kxg6 56. Bxe6 Kf6 57. Bd5 Nf5 58. Be4 Nd4 59. Kh4 Ke6 60. Kg3 Kd6 61. Kf2 Kc5 62. Ke3 Kd6 63. Kf2 Ne6 64. Ke3 Nc5 65. Bh7 Ne6 1/2-1/2

[Event "HUN-chT2 Barcza 1516"]
[Site "Hungary"]
[Date "2015.10.18"]
[Round "3.12"]
[White "Vagner, Gergo"]
[Black "Barczi, Roland"]
[Result "1-0"]
[WhiteElo "1694"]
[BlackElo "1381"]
[PlyCount "165"]
[EventDate "2015.09.13"]
[EventType "team-tourn"]
[EventRounds "11"]
[EventCountry "HUN"]
[SourceTitle "CBM 170 Extra"]
[Source "ChessBase"]
[SourceDate "2016.02.25"]
[SourceVersion "1"]
[SourceVersionDate "2016.02.25"]
[SourceQuality "1"]
[WhiteTeam "Tiszavasvar"]
[BlackTeam "Nadudvar"]
[WhiteTeamCountry "HUN"]
[BlackTeamCountry "HUN"]

1. d4 d5 2. c4 dxc4 3. Nc3 Bd7 4. a4 g6 5. e3 Nf6 6. Bxc4 Bg7 7. Nf3 0-0 8. 0-0 Bg4 9. h3 Bf5 10. Re1 Ne4 11. Qb3 Qc8 12. Bd5 Nd6 13. e4 Be6 14. Bxe6 Qxe6 15. Qxe6 fxe6 16. e5 Nf7 17. Ne4 Nc6 18. Nc5 Nfd8 19. Be3 h6 20. Rac1 Nb4 21. Red1 Nd5 22. b3 a6 23. Bd2 b6 24. Ne4 Rc8 25. b4 Nb7 26. b5 a5 27. Nc3 Nd8 28. Nxd5 exd5 29. Be3 e6 30. Rc2 Rf7 31. Rdc1 Kh7 32. Kf1 Bf8 33. Nh2 Ba3 34. Ra1 Bb4 35. Rac1 Ba3 36. Rb1 c6 37. bxc6 Nxc6 38. Rxb6 Rfc7 39. Ng4 Be7 40. Nxh6 Nd8 41. Rxc7 Rxc7 42. Rb5 Bb4 43. Ng4 Rb7 44. Rxb7+ Nxb7 45. Nf6+ Kh8 46. Nd7 Nd8 47. Nc5 Bxc5 48. dxc5 Nc6 49. f4 Kg8 50. Ke2 Kf7 51. g4 g5 52. Bd2 gxf4 53. Bxf4 Nd4+ 54. Kd3 Nc6 55. h4 Nb4+ 56. Kc3 Na2+ 57. Kb3 Nb4 58. Kc3 Na2+ 59. Kd3 Nb4+ 60. Ke3 Nc2+ 61. Kf2 Nb4 62. Kf3 Nc6 63. h5 Nd4+ 64. Kf2 Nc6 65. Bd2 Nxe5 66. Bxa5 Nd3+ 67. Ke3 Nxc5 68. Kf4 Nxa4 69. g5 Kg7 70. Bb4 Nb6 71. Ke5 Nc4+ 72. Kxe6 Ne3 73. Bc3+ Kg8 74. Bd4 Ng4 75. Kxd5 Kf7 76. Ke4 Kg8 77. Bg1 Kh7 78. Kf4 Nh6 79. gxh6 Kxh6 80. Kg4 Kg7 81. Kg5 Kh7 82. Bd4 Kg8 83. Kg6 1-0